| 000 | 01130nac a22003251u 4500 | ||
|---|---|---|---|
| 999 |
_c6372 _d6372 |
||
| 003 | EG-ScBUE | ||
| 005 | 20210308113354.0 | ||
| 008 | 150812t1991 enkac f b 001 0 eng d | ||
| 020 | _a0947792546 | ||
| 020 | _a9780947792541 | ||
| 040 |
_aEG-ScBUE _beng _erda _cEG-ScBUE _dEG-ScBUE |
||
| 043 | _af-ua--- | ||
| 082 | 0 | 4 |
_a820.93262 _bSAA _222 |
| 100 | 1 |
_aSaad El Din, Mursi, _eauthor. |
|
| 245 | 1 | 0 |
_aUnder Egypt’s spell : _bthe influence of Egypt on writers in English from the 18th century / _cMursi Saad el Din & John Cromer. |
| 264 | 1 |
_aLondon : _bBellew Publishing, _c1991. |
|
| 300 |
_a254 pages : _billustrations, ports. ; _c22 cm |
||
| 336 |
_2rdacontent _atext _btxt |
||
| 337 |
_2rdamedia _aunmediated _bn |
||
| 338 |
_2rdacarrier _avolume _bnc |
||
| 500 | _aDistributer : Al Ahram. | ||
| 504 | _aIncludes bibliographical references and index. | ||
| 590 | _aMenna Elemam | ||
| 650 | 7 |
_aEnglish literature. _2BUEsh |
|
| 651 | 7 |
_aEgypt _xIntellectual life. _2BUEsh. |
|
| 653 |
_cAugust2015 _bHHUUEENN |
||
| 655 |
_vReading book _934232 |
||
| 700 | 1 |
_aCromer, John, _eauthor. _928789 |
|
| 942 |
_cBB _k820.93262 ELD. _2ddc |
||